Recuerdos, pinturas e instalaciones de Janet CookRutnik (Record no. 1327)

MARC details
000 - LÍDER
campo de control de longitud fija 01064nam a2200205Ia 4500
008 - ELEMENTOS DE DATOS DE LONGITUD FIJA - INFORMACIÓN GENERAL
campo de control de longitud fija 0000001999 pr a 0000000000spa00
090 ## - NÚMERO DE LLAMADA DE TIPO LC LOCALMENTE ASIGNADO (OCLC)
Número de clasificación (OCLC) (R) PUS00 C66r
100 1# - ENTRADA PRINCIPAL - NOMBRE PERSONAL
Nombre de la persona CookRutnik, Janet
245 10 - TÍTULO DECLARACIÓN
Título Recuerdos, pinturas e instalaciones de Janet CookRutnik
Declaración de responsabilidad / ensayos José Antonio Pérez Ruiz, Manuel Alvarez Lezama, Marianne de Tolentino ; traducciones José A. Peláez ; fotografías Naru Inui
260 ## - PUBLICACIÓN, DISTRIBUCIÓN
Lugar de publicación San Juan (Puerto Rico) : Museo de las Américas
Fecha de publicación 1999
300 ## - DESCRIPCIÓN FÍSICA
Alcance 8 p.
Dimensiones / 25 cm.
500 ## - NOTA GENERAL
Nota general Exposición realizada en Museo de las Américas, San Juan de Puerto Rico, Noviembre 228, 1999 \ Con el patronazgo del maestro venezolano Jesús Rafael Soto (q.e.p.d.)
600 00 - ENTRADA DE SUJETO AÑADIDO - NOMBRE PERSONAL
Nombre de la persona COOKRUTNIK, JANET./
Subdivisión general TRABAJOS PICTORICOS
650 14 - ENTRADA DE SUJETO AÑADIDO - TÉRMINO TÓPICO
Término tópico o elemento de entrada del nombre geográfico PINTURA ESTADOUNIDENSE
650 14 - ENTRADA DE SUJETO AÑADIDO - TÉRMINO TÓPICO
Término tópico o elemento de entrada del nombre geográfico ARTE CONTEMPORANEO ESTADOUNIDENSE
650 14 - ENTRADA DE SUJETO AÑADIDO - TÉRMINO TÓPICO
Subdivisión general CATALOGOS
650 14 - ENTRADA DE SUJETO AÑADIDO - TÉRMINO TÓPICO
Subdivisión general EXPOSICIONES
650 14 - ENTRADA DE SUJETO AÑADIDO - TÉRMINO TÓPICO
Término tópico o elemento de entrada del nombre geográfico PINTORES ESTADOUNIDENSES
700 1# - ENTRADA AGREGADA - NOMBRE PERSONAL
Nombre de la persona Pérez Ruiz, José Antonio \ Alvarez Lezama, Manuel \ Tolentino , Marianne de \ Peláez, José A. , tr. \ Inui, Naru
Holdings
Estado de retirada Pérdida de estatus Estado dañado No para préstamo Código de recogida Ubicación permanente Ubicación actual Ubicación de las estanterías Fecha de adquisición Número de llamada completo Código de barras Fecha de la última vez que se vio Número de copia Precio efectivo desde Tipo de artículo Koha
        General ArtNexus ArtNexus General 06/09/2022 P-US-00 C66R 1327 06/09/2022 Ej.1 06/09/2022 Libro

Powered by Koha